000 00662nam a2200277Ia 4500
005 20260324122231.0
008 008 260324s9999 xx 000 0 eng d
020 _a9780429205156
037 _aEBOOK
040 _aCRL
040 _beng
040 _cCRL
041 _2eng
041 _aeng
084 _qCRL
100 _aJeffrey Yi-Lin Forrest
_91070315
245 2 _aA Systemic Perspective on Cognition and Mathematics
260 _bTaylor and Francis
260 _c2013
365 _a
365 _b340
856 _uhttp://www.taylorfrancis.com/books/9780429205156
942 _cEBOOK
999 _c1758225
_d1758225